| 000 | 00411nam a2200097Ia 4500 | ||
|---|---|---|---|
| 008 | 160725s9999 xx 000 0 und d | ||
| 100 | _aBalatbat, Maria Lourdes S. | ||
| 245 | _aImplementation of human resources management (HRM) practices and demographic variables of employees in private higher education institutions. | ||
| 260 |
_bKaizen Research Journal College of Psychology _cJune 2013 |
||
| 650 | _aPSYCHOLOGY | ||
| 999 |
_c298037 _d298037 |
||